000 00612nam a22002177a 4500
003 UA-OsUOA
001 131967
007 ta
008 20180625b un ||||| |||| 00| 0 ukr d
100 _aХарлан О.
090 _a82
_bХ21
942 _cSA
040 _aUA-OsUOA
_bukr
_cUA-OsUOA
_dUA-OsUOA
245 _aІсторія життя Наталі Забіли: зламана доля чи літературний успіх?
300 _aС.55-59
955 _a0
041 _aukr
080 _a82
773 0 _w131964
650 7 _a82 Література. Літературознавство
_2UDC
999 _c420375
_d420375